000 00607nam a2200229Ia 4500
003 OSt
005 20220928101621.0
006 a|||||r|||| 00| 0
007 ta
008 220927b |||||||| |||| 00| 0 eng d
024 _a49666
037 _cTextual
040 _aSDCL
_cSDCL
_beng
041 _2eng
_aeng
082 _aO152,2N501,3, N2
100 _aSharma Kiran Chandra
_9392652
245 0 _aMaati matail.
260 _aNew Delhi
_bAyen Prakashan
_c1992
300 _a102p.
_ccm.
942 _hO152,2N501,3, N2
_cTEXL
_2CC
999 _c708374
_d708374